000 00472pab a2200193 454500
008 180718b2013 xxu||||| |||| 00| 0 eng d
100 _aBhat, Mihir R.
245 _aFlood in Uttarakhand: A new deal relief
260 _c2013
300 _ap.19-22.
362 _aSep
650 _aFloods - India - Uttarakhand
650 _aFloods
700 _aGoh, Chi
700 _aPandya, Mehul
773 _aEconomic and Political Weekly
908 _aN
909 _a103308
999 _c103304
_d103304